| 000 | 00781nam a2200229Ii 4500 | ||
|---|---|---|---|
| 003 | JO-AjNU | ||
| 008 | 230605s9999||||xx |||||||||||||| ||und|| | ||
| 017 | _a2010/9/3726 | ||
| 020 | _a978-9957-11-931-7 | ||
| 040 |
_aJO-AjNU _bara _erda _cJO-AjNU |
||
| 041 | _aara | ||
| 050 | 1 | 4 | _aK375.2010 |
| 100 | 3 |
_a القبيلات ، حمدي ، المنصور ، أنيس ، ابو الهيجاء ، محمد ، حجازي ، صالح , _eauthor _931794 |
|
| 245 | 0 | 0 | _aالقانون في حياتنا |
| 250 | _aط1 | ||
| 264 | 3 | 1 | _aعمان : دار وائل ، 2011 |
| 300 | _a288ص | ||
| 336 |
_atext _btxt _2rdacontent |
||
| 337 |
_aunmediated _bn _2rdamedia |
||
| 338 |
_avolume _bnc _2rdacarrier |
||
| 650 | 4 |
_aالقانون -- القواعد والتعليمات _931795 |
|
| 999 |
_aA12757 _c16325 _d16325 |
||